00856cam a2200241u 450000100060000000300080000600500170001400800410003103500190007204000240009104100080011508200220012310000510014524500760019626000360027230000340030865000490034270000310039190600450042294200120046799900170047995201180049675538BD-RjUL20211209082716.0190423s1955 nyua 000 0 eng  a(BD-RjUL)75756 aDLCcCarPdDLCbeng aeng 223a658bJUC 19551 aJuran, J. M.q(Joseph M.),d1904-2008.923102610aCase studies in industrial management /cJ. M. Juran , Norman N. Barish aNew York :bMcGraw-Hill,c1955. aunpaged. :b illus. ;c29 cm. 0aIndustrial managementvCase studies.92310281 a Barish, Norman N.9231031 a0bcbccpremunvduencipf19gy-gencatlg 2ddccBK c75538d75538 00102ddc40718NFICaRUCLbRUCLcReadingd2019-04-23l0o658 JUC 1955r2019-04-23 00:00:00tC-1w2019-04-23yBK